|
|
|
|
| LEADER |
00671cam a2200205 7i4500 |
| 001 |
0000024678 |
| 005 |
20170218090000.0 |
| 008 |
081024 eng |
| 020 |
|
|
|a 1564144313
|
| 040 |
|
|
|a DLC
|
| 090 |
0 |
0 |
|a HF5383
|b .P73 2000
|
| 100 |
1 |
|
|a Provenzano, Steven A
|
| 245 |
1 |
0 |
|a Top secret executive resumes
|c by Steven A. Provenzano.
|
| 260 |
|
|
|a New York:
|b Thomson/Delmar Learning,
|c 2000.
|
| 300 |
|
|
|a 255 p.;
|c 28 cm.
|
| 500 |
|
|
|a Includes index
|
| 650 |
0 |
0 |
|a Executives
|
| 650 |
0 |
0 |
|a Re'sume's (Employment)
|
| 997 |
|
|
|a Communication, Visual Art & Computing, Faculty
|b Visual Art, Department
|
| 999 |
|
|
|a 0000024985
|b BOK
|c OPEN SHELF
|e 1st Floor, Shah Alam
|